| 000 | 05612cam a22018374i 4500 | ||
|---|---|---|---|
| 003 | PE-LiUPU | ||
| 005 | 20250813165550.0 | ||
| 008 | 200108s1993 mx a rb 001 0 spa d | ||
| 020 | _a9682449146 | ||
| 020 | _a9789682449147 | ||
| 035 | _a(Sirsi) a252791 | ||
| 040 |
_aPE-LiUPU _bspa _cPE-LiUPU _dPE-LiUPU _erda |
||
| 049 | _aPRUA | ||
| 082 | 0 | 4 |
_a614.44 _bS66 _220 |
| 100 | 1 |
_aSolá Mendoza, Juan, _eautor. |
|
| 245 |
_aIntroducción a las ciencias de la salud / _c Juan Solá Mendoza. |
||
| 250 | _aCuarta edición. | ||
| 264 | 1 |
_aMéxico D.F. : _bTrillas, _c1993. |
|
| 300 |
_a426 páginas : _bilustraciones ; _c23 centímetros |
||
| 336 |
_atext _2rdacontent |
||
| 337 |
_aunmediated _2rdamedia |
||
| 338 |
_avolume _2rdacarrier |
||
| 504 | _aBibliografía : páginas 413-414. | ||
| 504 | _aÍndice : páginas 415-426. | ||
| 505 | 0 | _aEquilibrio ecológico -- Ecología -- Ecosistema -- Conservación y aprovechamiento racional de los recursos naturales -- Panorama general de la ciencia de recursos naturales -- Educación y conservación de los recursos naturales -- La contaminación ambiental -- Contaminación del agua -- Contaminación atmosférica contaminación del suelo -- La contaminación química en la industria alimenticia -- Enfermedades ocasionadas por la contaminación -- La contaminación ambiental en México -- Ley federal para prevenir y controlar la contaminación ambiental -- Ciencias de la salud -- Concepto de salud -- Esferas de estudio de la ciencia de la salud -- Importancia de la higiene -- Bosquejo histórico de la higiene -- Clasificación de la higiene -- Prevención de accidentes -- Seguridad en la industria -- Educación vial -- Primeros auxilios -- La nutrición -- Hidratos de carbono -- Proteínas -- Grasas -- Los minerales -- Oligoelementos Vitaminas -- Los nutrientes -- Enzimas y hormonas -- El abuso en los alimentos -- Desnutrición y fecundidad -- Alimentación del pueblo mexicano -- El sexo y la reproducción humana -- Paternidad responsable -- Planificación familiar -- Anatomía de los órganos reproductores -- Higiene concepcional -- Fecundación del óvulo -- Higiene prenatal -- Higiene mental del parto -- Parto sin dolor -- Patologías frecuentes -- Cáncer -- Enfermedades gastrointestinales -- Enfermedades renales -- Enfermedades cardiacas -- Alcoholismo y farmacodependencia -- Alcoholismo -- Farmacodependencia -- Enfermedades venéreas -- Otras enfermedades venéreas -- Sida, pandemia universal -- Tratamiento. | |
| 526 | _aP203 | ||
| 526 | _aP200 | ||
| 526 | _aSEG65 | ||
| 526 | _aSEG64 | ||
| 526 | _aSEG63 | ||
| 526 | _aSEG62 | ||
| 526 | _aSEG61 | ||
| 526 | _aSEG60 | ||
| 526 | _aSEG59 | ||
| 526 | _aSEG58 | ||
| 526 | _aSEG57 | ||
| 526 | _aSEG56 | ||
| 526 | _aSEG55 | ||
| 526 | _aSEG54 | ||
| 526 | _aSEG53 | ||
| 526 | _aSEG52 | ||
| 526 | _aSEG51 | ||
| 526 | _aSEG50 | ||
| 526 | _aSEG49 | ||
| 526 | _aSEG48 | ||
| 526 | _aSEG47 | ||
| 526 | _aSEG46 | ||
| 526 | _aSEG24 | ||
| 526 | _aSEG23 | ||
| 526 | _aSEG22 | ||
| 526 | _aSEG21 | ||
| 526 | _aSEG20 | ||
| 526 | _aSEG19 | ||
| 526 | _aSEG18 | ||
| 526 | _aSEG17 | ||
| 526 | _aSEG16 | ||
| 526 | _aSEG14 | ||
| 526 | _aSEG13 | ||
| 526 | _aSEG12 | ||
| 526 | _aSEG11 | ||
| 526 | _aSEG10 | ||
| 526 | _aSEG09 | ||
| 526 | _aSEG06 | ||
| 526 | _aSEG05 | ||
| 526 | _aSEG04 | ||
| 526 | _aSEG03 | ||
| 526 | _aSEG02 | ||
| 526 | _aSEG68 | ||
| 526 | _aSEG66 | ||
| 526 | _aSEG45 | ||
| 526 | _aSEG25 | ||
| 526 | _aSEG01 | ||
| 526 | _aP163 | ||
| 526 | _aP162 | ||
| 526 | _aP161 | ||
| 526 | _aP160 | ||
| 526 | _aP159 | ||
| 526 | _aP158 | ||
| 526 | _aP157 | ||
| 526 | _aP156 | ||
| 526 | _aP155 | ||
| 526 | _aP154 | ||
| 526 | _aP153 | ||
| 526 | _aP152 | ||
| 526 | _aP151 | ||
| 526 | _aP150 | ||
| 526 | _aP149 | ||
| 526 | _aP142 | ||
| 526 | _aP141 | ||
| 526 | _aP140 | ||
| 526 | _aP139 | ||
| 526 | _aP138 | ||
| 526 | _aP137 | ||
| 526 | _aP132 | ||
| 526 | _aP131 | ||
| 526 | _aP130 | ||
| 526 | _aP126 | ||
| 526 | _aP125 | ||
| 526 | _aP124 | ||
| 526 | _aP123 | ||
| 526 | _aP115 | ||
| 526 | _aP122 | ||
| 526 | _aP121 | ||
| 526 | _aP116 | ||
| 526 | _a P114 | ||
| 526 | _aP112 | ||
| 526 | _aP111 | ||
| 526 | _aP104 | ||
| 526 | _aP103 | ||
| 526 | _aP102 | ||
| 526 | _aP101 | ||
| 526 | _aP100 | ||
| 526 | _aP96 | ||
| 526 | _aP95 | ||
| 526 | _aP93 | ||
| 526 | _aP92 | ||
| 526 | _aP91 | ||
| 526 | _aP88 | ||
| 526 | _aP83 | ||
| 526 | _aP82 | ||
| 526 | _aP79 | ||
| 526 | _aP78 | ||
| 526 | _aP75 | ||
| 526 | _aP74 | ||
| 526 | _aP71 | ||
| 526 | _aP69 | ||
| 526 | _a P51 | ||
| 526 | _aP49 | ||
| 526 | _aP48 | ||
| 526 | _aP47 | ||
| 526 | _aP33 | ||
| 526 | _aP31 | ||
| 526 | _a P30 | ||
| 526 | _aP29 | ||
| 526 | _aP27 | ||
| 526 | _aP26 | ||
| 526 | _aP25 | ||
| 526 | _aP24 | ||
| 526 | _a P22 | ||
| 526 | _aP10 | ||
| 526 | _aP09 | ||
| 526 | _a P08 | ||
| 526 | _aP06 | ||
| 526 | _aP05 | ||
| 526 | _aP04 | ||
| 526 | _aP01 | ||
| 650 | 0 | 4 |
_aSalud. _9927 |
| 650 | 0 | 4 |
_aCiencias médicas _xEnseñanza. |
| 650 | 0 | 4 |
_aHombres _xSalud e higiene. |
| 910 |
_bcsm _ccsm _d20200108 |
||
| 596 | _a1 | ||
| 942 |
_2ddc _cBOOK |
||
| 999 |
_a614.44 S66 _wDEWEY _c32012 _i40737 _f2021-11-4 _g1 _lCCODEBUL1 _mBUL _p36.27 _r0 _sY _tBOOK _u2020-1-8 _xSALUD _zP22 _0COMPRA _o.STAFF. Colección General _d32012 |
||
| 999 |
_a614.44 S66 _wDEWEY _c2 _i52705 _f2021-11-4 _g1 _lCCODEBUL1 _mBUL _r0 _sY _tBOOK _u2020-1-8 _xSALUD _0COMPRA |
||
| 980 |
_81 _gALBERTO SANCHEZ Responsable de Automatización |
||